| 000 | 00982cam a22002413a 4500 | ||
|---|---|---|---|
| 001 | 7368 | ||
| 003 | PGUSA | ||
| 005 | 20140828083144.0 | ||
| 008 | 050101s2005||||xxu|||||s|||||000 1 eng d | ||
| 040 |
_aPGUSA _beng |
||
| 042 | _adc | ||
| 050 | 4 | _aPS | |
| 100 | 1 |
_aGlaspell, Susan, _d1876-1948 |
|
| 245 | 1 | 0 |
_aLifted Masks; stories _h[electronic resource] / _cSusan Glaspell |
| 260 |
_bProject Gutenberg, _c2005 |
||
| 505 | 0 | _a"One of Those Impossible Americans" -- The Plea -- For Love of the Hills -- Freckles M'Grath -- From A to Z -- The Man of Flesh and Blood -- How the Prince Saw America -- The Last Sixty Minutes -- "Out There" -- The Preposterous Motive -- His America -- The Anarchist: His Dog -- At Twilight. | |
| 506 | _aPublic domain in the USA. | ||
| 516 | _aElectronic text | ||
| 653 | _aUnited States -- Social life and customs -- 20th century -- Fiction | ||
| 830 | 0 |
_aProject Gutenberg _v7368 |
|
| 856 | 4 | 0 | _uhttp://www.gutenberg.org/ebooks/7368 |
| 942 | _cEB | ||
| 999 |
_c236688 _d236688 |
||